|
|
|
|
| LEADER |
00000nab a22000007a 4500 |
| 008 |
150610b1999 cr f|||| |||| 00| 0 spa d |
| 090 |
|
|
|a REVIS 06.02.01
|
| 100 |
1 |
|
|9 170
|a Del Vecchio Ugalde, Janina
|
| 245 |
1 |
0 |
|a Pertinencia de la universidad /
|c Janina Del Vecchio Ugalde
|
| 260 |
|
|
|a San José, Costa Rica :
|b Editorial Universidad de Costa Rica,
|c 1999
|
| 300 |
|
|
|a paginas 43-54
|
| 520 |
|
|
|a La pertinencia de la Universidad es la redefinición social, la investigación generadora de cambios, la conciencia lucida. Se debe impulsar un cambio orientado a fortalecer, profundizar y ampliar los procedimientos que aseguren a los diferentes sectores universitarios las más amplias posibilidades de desarrollo y expresión. Es necesario generar, con imaginación y decisión, mecanismos para que los profesores, directores y decanos asuman más plenamente la responsabilidad y la autoridad que les corresponde en el campo académico, de modo que los órganos superiores sean llamados a actuar solo en aquellos casos en los que las decisiones por tomar produzcan efectos sobre grandes áreas de la universidad
|
| 650 |
1 |
4 |
|9 1
|a EDUCACIÓN
|
| 773 |
0 |
|
|d San José, Costa Rica : Editorial de la Universidad de Costa Rica, 1997-
|o R0024
|t EDUCACIÓN: Revista de la Universidad de Costa Rica
|g Vol.23, no.especial (1999)
|
| 942 |
|
|
|h REVIS 06.02.01
|2 z
|c 10
|
| 999 |
|
|
|c 2642
|d 2642
|